Statistics for The Sarajevo Quiz

Click here to take the quiz!

General Stats

  • This quiz has been taken 116 times
    (91 since last reset)
  • The average score is 20 of 30

Answer Stats

Question Answer % Correct
Sarajevo is the capital of which independent country?Bosnia and Herzegovina
100%
Sarajevo belonged to this country 1945-1992Socialist Federal Republic of {Yugoslavia}
90%
It is located in which region / peninsula?Balkans
90%
In 1914, Sarajevo belonged to which country?Austria-Hungary
87%
This empire founded the city in 1461the Ottoman Empire
84%
Event the city hosted in 1984Winter Olympics
84%
On 28 June 1914, this event started WWIAssassination of {Franz} {Ferdinand}
84%
Sarajevo mainly consists of which three ethnicities?Serbs (Orthodox)
84%
Sarajevo mainly consists of which three ethnicities?Croats (Catholics)
79%
Sarajevo mainly consists of which three ethnicities?Bosniaks (Muslims)
76%
Bosnian for "Thank You!"Hvala!
70%
Café completely dedicated to a former leader (in a sarcastic way)Café Tito
70%
How much people do live in the city? (rounded to the nearest 100,000)300,000
67%
Who was the culprit?Gavrilo Princip
67%
Sarajevo was one of the first cities to
possess this public vehicle (symbol of normality after war)
Tram
66%
Bosnian for "Hello!"Zdravo!
66%
This agreement ended ^{Dayton} Agreement
63%
During from 1992 until 1996 (unbelievable 1425 days!),
Sarajevo had the longest ___ in history
Siege
63%
If visiting Sarajevo, you need this currencyBosnian Convertible Mark
61%
Clubs participating in the Sarajevo Derby (football)FK Sarajevo
60%
River flowing through SarajevoMiljacka
60%
If you're visiting the "Begova", what are you visiting?a Mosque
58%
On each July 11, Sarajevans remember this dreadful eventMassacre of Srebrenica
57%
He was standing on which bridge?{Latin} Bridge
55%
What type of transportation vehicle connects
Sarajevo with the Trebević Mountain? (re-opened in 2018)
Cable car
54%
Sarajevo's old bazaarBaščaršija
49%
Clubs participating in the Sarajevo Derby (football)FK Željezničar Sarajevo
49%
City Hall of Sarajevo (famous picture of a cellist playing in the ruins)Vijećnica
37%
Famous fountain in the aboveSebilj
37%
Name for the main boulevard during the Bosnian WarSniper Alley
36%

Score Distribution

Percentile by Number Answered

Percent of People with Each Score

Your Score History

You have not taken this quiz since the last reset